| 000 | 01047nam a22002655i 4500 | ||
|---|---|---|---|
| 001 | 161471 | ||
| 003 | ES-MaACL | ||
| 005 | 20250716074517.0 | ||
| 008 | 041019s1875 fr |||| | fre d | ||
| 040 |
_aCAM _bspa _cCAM |
||
| 080 | _a239 | ||
| 080 | _a840-97"16" | ||
| 100 | 1 |
_aPascal, Blaise, _d1623-1662 _eaut _989307 |
|
| 245 | 1 | 0 |
_aPensées de Blaise Pascal / _cavec les notes de Voltaire. |
| 260 |
_aParis : _bLibrairie de la Bibliothèque Nationale, _c1875 _f(Typ. de Rouge, Dunon et Fresné) |
||
| 300 |
_a191 páginas ; _c14 cm. |
||
| 490 | 1 | _aBibliothèque Nationale: collection des meilleurs auteurs anciens et modernes | |
| 650 | 4 |
_99921 _aApologética |
|
| 700 | 0 |
_aVoltaire, _d1694-1778 _eclb _9115721 |
|
| 830 | 0 | 0 |
_aBibliothèque Nationale: collection des meilleurs auteurs anciens et modernes _9221365 |
| 852 |
_aES-MaACL _cDEPO2 _eEjemplar falto de cub. original _hDonativo Roda _jL-4896(3-3) _xEnc. en un vol. facticio |
||
| 942 |
_2udc _cMONANT _n0 |
||
| 999 |
_c161471 _d161471 |
||